La casa y el ladrillo / (Registro nro. 2395)
[ vista simple ]
| 000 -LEADER | |
|---|---|
| fixed length control field | 00891nam a2200205 a 4500 |
| 008 - CAMPO DE CONTROL (LIBRO) | |
| fixed length control field | 161215t2001 ag |||g |||| 00| 1 spa d |
| 020 ## - INTERNATIONAL STANDARD BOOK NUMBER | |
| ISBN | 9500718219 |
| 041 ## - CODIGO DE IDIOMA | |
| Código de idioma del texto/pista de sonido o título separado | spa |
| 092 ## - SIGNATURA TOPOGRAFICA DEWEY LOCAL | |
| número de clasificación | 808.8 |
| libristica | 6 |
| sección | BEN |
| 100 1# - ENTRADA PRINCIPAL--NOMBRE PERSONAL | |
| Nombre personal | Benedetti, Mario |
| 9 (RLIN) | 3212 |
| 245 #3 - TITULO PROPIAMENTE DICHO | |
| Título | La casa y el ladrillo / |
| Mención de responsabilidad y remanente de la transcripción de la portada | Mario Benedetti |
| 250 ## - MENCION DE EDICION | |
| Mención de edición | 3a ed. |
| 260 ## - PIE DE IMPRENTA | |
| Lugar de publicación, distribución, etc | Buenos Aires: |
| Nombre de la editorial, distribuidor, etc | Sudamericana; |
| Fecha de publicación | 2001. |
| 300 ## - DESCRIPCION FISICA | |
| Extension | 153 p. |
| 500 ## - NOTA GENERAL | |
| Nota general | Benedetti, M. (2001). La casa y el ladrillo. (3a ed.). Buenos Aires : Sudamericana. |
| 505 ## - NOTA DE CONTENIDO | |
| Nota de contenido formateada | "Me parezco al que llevaba el ladrillo consigo para mostrar al mundo cómo era su casa" - Bertolt Brecht-. Las palabras de Brencht dan título a esta maravillosa antología de poemas de Benedetti, algunos de los cuales ya entraron en la memoria colectiva de los lectores. |
| 590 ## - NOTAS LOCALES (RLIN) | |
| Nota local | Proyecto 4to libro. Donación Constanzo, Juan Carlos |
| 655 ## - MATERIA - GENERO/FORMA | |
| Género/Forma | Cuentos |
| -- | 2945 |
| 942 ## - ADDED ENTRY ELEMENTS (KOHA) | |
| Source of classification or shelving scheme | Dewey Decimal Classification |
| Item type | LITERATURA |
| Estado de retiro | Existencia | Fuente de clasificación | Estado general | No para prestamo | Colección | Ubicación permanente | ubicación actual | Sala de ubicación | Fecha de adquisición | Fuente de adquisición | Total Checkouts | Número de clasificación | Código de barras | Date last seen | Date last borrowed | Número de ejemplar | Price effective from | Koha tipo de elemento (item) | Public note |
|---|---|---|---|---|---|---|---|---|---|---|---|---|---|---|---|---|---|---|---|
| Dewey Decimal Classification | Fiction | Biblioteca Medicina | Biblioteca Medicina | Circulación | 06/03/2017 | Donacion Constanzo, Juan Carlos. Marzo 2017 | 2 | 808.8 6 BEN | 3837 | 25/02/2025 | 13/12/2024 | Ej.1 | 06/03/2017 | LITERATURA | Proyecto 4to libro. Donación Constanzo Juan C. |